Datum a čas kvízu
27
Celkem bodů
Celkový počet nahraných bodů na tomto kvízu bez doplňovacích otázek.
7.
Pořadí na kvízu
Konečné umístění týmu na tomto kvízu.
Zaznamenané odpovědi
| # | Otázka | Odpověď | Body | Výsledky |
|---|---|---|---|---|
| 1. | Mimořádně cenné záběry z jisté... | 1 | ||
| 2. | Německé město Trevír minulý tý... | 0 | ||
| 3. | Kdo poslouchal dne 21. března... | 0 | ||
| 4. | Majitelé účtů v České spořitel... | 1 | ||
| 5. | Ačkoli sportovní novináři i fa... | 0 | ||
| 6. | Budeme se zabývat slovy, která... | 0 | ||
| 7. | Bezpečnostní informační služba... | 0 | ||
| 8. | Který známý japonský spisovate... | 0 | ||
| 9. | Logo které mezinárodní organiz... | 1 | ||
| 10. | Na fotce je zobrazen hrad, kte... | 1 |